NAGWS guide. Tennis.

Bibliographic Details
Previous Title:NAGWS guide. Tennis, badminton, squash
Corporate Author: National Association for Girls & Women in Sport
Format: Serial
Language:English
Published: [Reston, Va.] : [American Alliance for Health, Physical Education, Recreation, and Dance], [©1980-©1984]
Subjects:
Online Availability: Check for online availability

MARC

Tag First Indicator Second Indicator Subfields
LEADER 00000cas a2200000 a 4500
001 in00000070769
005 20151008061909.0
008 800903d19821986vaugr1 0uuua0engmd
010 |a  80648429  
012 |a 2  |b 3 
022 0 |a 0272-863X 
035 |a (OCoLC)06678452 
035 |9 AAJ9085AM 
040 |a CLV  |c CLV  |d DLC  |d NSD  |d m.c.  |d DLC  |d NST  |d TXA  |d UtOrBLW 
042 |a lc  |a nsdp 
049 |a TXAE 
050 0 0 |a GV991  |b .N37a 
082 0 |a 796.342/2 
090 |a GV1007.A1  |b A42 
210 0 |a NAGWS guide, Tennis 
222 0 |a NAGWS guide. Tennis 
245 0 0 |a NAGWS guide.  |p Tennis. 
246 3 |a National Association for Girls and Women in Sport guide. Tennis 
246 0 8 |a NAGWS tennis guide  |f 1980/82- 
264 1 |a [Reston, Va.] :  |b [American Alliance for Health, Physical Education, Recreation, and Dance],  |c [©1980-©1984] 
300 |a volumes :  |b illustrations ;  |c 17 cm. 
310 |a Biennial 
336 |a text  |b txt  |2 rdacontent 
337 |a unmediated  |b n  |2 rdamedia 
338 |a volume  |b nc  |2 rdacarrier 
362 0 |a 1980/82-May 1984/May 1986. 
650 0 |a Tennis  |x Periodicals. 
650 0 |a Tennis  |v Rules  |x Periodicals. 
650 0 |a Sports for women  |v Periodicals. 
710 2 |a National Association for Girls & Women in Sport. 
780 0 1 |t NAGWS guide. Tennis, badminton, squash 
999 |a MARS 
999 f f |s 29035ca3-9fcb-3370-9374-5458238d3e3d  |i 57a34420-2583-3df4-89f0-e7ef71d658c7  |t 0 
952 f f |p ric  |a Texas A&M University  |b Rellis Campus  |c Joint Library Facility  |d Remote Storage  |t 0  |e GV1007.A1 A42  |h Library of Congress classification  |i unmediated -- volume  |l 1980/1982  |m A14807756324 
952 f f |p ric  |a Texas A&M University  |b Rellis Campus  |c Joint Library Facility  |d Remote Storage  |t 0  |e GV1007.A1 A42  |h Library of Congress classification  |i unmediated -- volume  |l 1984/1986  |m A14808047760 
998 f f |a GV1007.A1 A42  |s 1980/1982-1984/1986  |t 0  |l Remote Storage